00560 a2200181 4500003000500000005001700005040000900022082001000031100002900041245009200070260003700162300001400199650001600213651001900229942000800248999001900256952010300275Nust20170207171856.0 cNust a005.1 aAbbasi, Ahtsham BESE-18 aCardiac C-Thal System (Hard / Soft-copy)cAhrshamAbbasi, Aneela Zulfiqar, Hammad Ansari aMCS, NUSTbRawalpindicJune 2016 axii, 97 p aUG Projects aUG CSE Project cPRG c219394d219394 00102ddc40708NFICaMCSbMCSd2016-12-12l0o005.1 ABBpMCSPCS-295r2016-12-08w2016-12-12yBK